000 00470nam a22001817a 4500
003 MPLRDC
005 20220104123942.0
008 210129b ||||| |||| 00| 0 eng d
020 _a7-80099-242-X
082 _a782.886 MZD-40 v.1
100 _a刘阳光 编著
245 _a不落的太阳: 毛泽东. 上
_c
250 _a一版一刷
260 _a
_b中国三峡出版社
_c1996
300 _b
650 _a毛泽东传记
942 _cBK
_o782.886 MZD-40 v.1
999 _c15473
_d15463